• 首页
  • 本馆介绍
  • 公告通知
  • 最新文献
  • 馆藏检索
  • 电子资源
  • 读者导购
  • 参考咨询
  • 我的图书馆
  • 登录
  • 详细信息显示
  • 放入我的书架
  • 预约/预借图书
  • 作者相关作品
  • 分类相关作品
  • 丛书相关作品
  • 出版社相关作品

书目信息

  • 表格格式
  • 工作单格式
  • 卡片格式
题名:
世界100位首富人物发迹史
    
 
作者: 张剑 , 张剑 主编
分册:  
出版信息: 开封   河南大学出版社  2005
页数: 18, 450页
开本: 24cm
丛书名:
单 册:
中图分类: K815.38=5
科图分类:
主题词: 企业家--qi ye jia--生平事迹--世界--现代
电子资源:
ISBN: 7-81091-303-4
000 01276nam0 2200349 450
000 01241nam0 2200337 450
000 01204nam0 2200325 450
000 01118nam0 2200313 450
000 01081nam0 2200301 450
000 01014nam0 2200277 450
001 0104000024
005 20061011153945.90
010    @a7-81091-303-4@dCNY26.60
100    @a20051124d2005 em y0chiy0110 ea
101 0  @achi
102    @aCN@b461000
105    @aa a 000yd
200 1  @a世界100位首富人物发迹史@Ashi jie 100 wei shou fu ren wu fa ji shi@f张剑主编@Fzhang jian zhu bian
210    @a开封@c河南大学出版社@d2005
215    @a18, 450页@c图@d24cm
300    @a中联社 大学工商管理教材辅助读物
320    @a有书目 (第448页)
330    @a本书真实地讲述了100位首富人物的故事, 他们有积极的一面——为社会、为人类作出了积极的贡献 ; 也有消极的一面——个别富豪以利断义、巧取豪夺、挥金如土。
510 1  @aRisen history of the world's top 100 richest@zeng
606 0  @a企业家@Aqi ye jia@x生平事迹@y世界@z现代
690    @aK815.38=5@v4
701  0 @a张剑@9zhang jian@4主编
701  0 @a张剑@Azhang jian@4主编
801  0 @aCN@b北京荣雅伟业图书经销中心@c20061011
905    @aBZT@dK815.38=5@e1
906    @dCNY26.60@n0@r1
    
    世界100位首富人物发迹史/张剑主编.-开封:河南大学出版社,2005
    18, 450页:图;24cm
    中联社 大学工商管理教材辅助读物
    
    ISBN 7-81091-303-4:CNY26.60
    本书真实地讲述了100位首富人物的故事, 他们有积极的一面——为社会、为人类作出了积极的贡献 ; 也有消极的一面——个别富豪以利断义、巧取豪夺、挥金如土。
●
相关链接 在五车中查询图书 在当当中查询图书 在豆瓣中查询图书


正题名:世界100位首富人物发迹史     索取号:K815.38=5/1         预约/预借

序号 登录号 条形码 馆藏地/架位号 状态 备注
1 496031   230015900   中心书库南/019架A面4层6列/ [索取号:K815.38=5/1] 在馆    
2 496032   230015902   中心书库南/019架A面4层6列/ [索取号:K815.38=5/1] 在馆    
3 496033   230015901   中心书库南/019架A面4层6列/ [索取号:K815.38=5/1] 在馆    
4 496034   230015904   中心书库南/019架A面4层6列/ [索取号:K815.38=5/1] 在馆    
5 496035   230015903   中心书库南/019架A面4层6列/ [索取号:K815.38=5/1] 在馆    
山东省滨州职业学院图书馆 欢迎您!
大连网信软件有限公司© 版权所有